00461cam a2200133 a 4500020001500000040000800015082002600023245006300049260007300112300002400185490005600209650001400265710004800279 a9291460753 cDLC a636 INT 2000 A083 Or.00aHandbook of livestock statistics for developing countries. aNairobi, Kenya :bInternational Livestock Research Institute,c2000. ax, 289 p. ;c25 cm.1 aSocio-economics and policy research working paper ; 0aLivestock2 aInternational Livestock Research Institute.